000 00516nam a2200157Ia 4500
003 GCL
008 140319s9999 xx 000 0 eng d
040 _aGCL /
_cGCL
082 0 4 _a728.8092
_bM H
100 1 _aMEAD, CHRISTOPHER
245 1 0 _aHOUSES BY BARTPRINCE: AN AMERICAN ARCHITECTURE FOR THE CONTINOUS PRESENT /
_cMEAD, CHRISTOPHER
260 _a[S.N] :
_bUNIVERSITY OF NEW MEXICO PRESS ،
_c1991
650 0 4 _aPRIMCE, BART,1947 CRITICESM AN
650 0 4 _aARCHITECTURE, MODERN 20 th CENTURY
942 _2ddc
_cBK
999 _c17266
_d17266